000 00386cam a2200157ua 4500
003 OSt
008 250610b |||||||| |||| 00| 0 eng d
041 _aeng
082 _a624.1821
_bJAC/OX
100 _aJackson, A .
_97566
245 _aOxygen steel making for steel makers /
250 _a1 /
260 _aLondon :
_bGeorge Newnes Ltd ,
_c1964.
300 _a258 ; .
942 _cBK
999 _c2054
_d2054